[Event "NRW Class1 0607"]
[Site "Germany"]
[Date "2007.03.18"]
[Round "7.7"]
[White "Graeber, Ralf"]
[Black "Cleven, Maria"]
[Result "1/2-1/2"]
[WhiteElo "2229"]
[BlackElo "2037"]
[PlyCount "49"]
[EventDate "2006.09.17"]
[EventType "team-tourn"]
[EventRounds "9"]
[EventCountry "GER"]
[SourceTitle "EXT 2008"]
[Source "ChessBase"]
[SourceDate "2007.11.25"]
[SourceVersion "1"]
[SourceVersionDate "2007.11.25"]
[SourceQuality "1"]
[WhiteTeam "Muelheim Nord II"]
[BlackTeam "Krefeld"]
[WhiteTeamCountry "GER"]
[BlackTeamCountry "GER"]

1. Nf3 Nf6 2. g3 g6 3. b3 Bg7 4. Bb2 d5 5. Bg2 c5 6. 0-0 Nc6 7. d3 0-0 8. c4 d4 9. Na3 Nd7 10. Nc2 e5 11. a3 a5 12. b4 axb4 13. axb4 Rxa1 14. Qxa1 cxb4 15. Qa4 Qb6 16. Rb1 Re8 17. Nd2 Bf8 18. Bd5 Kg7 19. Qa1 Nc5 20. Nf3 f6 21. Ba3 Qa5 22. Bc1 Qxa1 23. Nxa1 Be6 24. Nc2 Na6 25. Bd2 1/2-1/2

[Event "NRW Class1 0607"]
[Site "Germany"]
[Date "2006.12.17"]
[Round "4.6"]
[White "Cleven, Maria"]
[Black "Schockenbaeumer, Dirk"]
[Result "0-1"]
[WhiteElo "2037"]
[BlackElo "2199"]
[PlyCount "120"]
[EventDate "2006.09.17"]
[EventType "team-tourn"]
[EventRounds "9"]
[EventCountry "GER"]
[SourceTitle "EXT 2008"]
[Source "ChessBase"]
[SourceDate "2007.11.25"]
[SourceVersion "1"]
[SourceVersionDate "2007.11.25"]
[SourceQuality "1"]
[WhiteTeam "Krefeld"]
[BlackTeam "Solingen III"]
[WhiteTeamCountry "GER"]
[BlackTeamCountry "GER"]

1. Nf3 Nf6 2. g3 g6 3. b3 Bg7 4. Bb2 0-0 5. Bg2 c5 6. c4 Nc6 7. 0-0 b6 8. d4 cxd4 9. Nxd4 Bb7 10. Re1 Qc8 11. e4 d6 12. Na3 Rd8 13. Nac2 Ne8 14. Nxc6 Bxc6 15. Bxg7 Nxg7 16. Nb4 Bb7 17. Qe2 e6 18. Red1 a5 19. Nc2 Ne8 20. Rd2 a4 21. Rad1 axb3 22. axb3 Qc7 23. Nd4 Qc5 24. Bh3 Nc7 25. Bg2 Rab8 26. Rb1 Ne8 27. b4 Qg5 28. f4 Qe7 29. Nb5 Nc7 30. Nc3 b5 31. Nxb5 Nxb5 32. cxb5 Qc7 33. Rbd1 Qb6+ 34. Kf1 Bc8 35. Qc4 Bd7 36. Rxd6 Bxb5 37. Rxd8+ Kg7 38. Qxb5 Qxb5+ 39. Ke1 Qxb4+ 40. Ke2 Qc4+ 41. R8d3 Rb2+ 42. Kf3 Qa2 43. Bf1 Rf2+ 44. Ke3 Rxh2 45. R1d2 Qa7+ 46. Kf3 Qg1 47. Rxh2 Qxh2 48. Bg2 Qg1 49. e5 g5 50. Bh3 Qb1 51. Re3 Qd1+ 52. Kf2 h6 53. f5 Qd2+ 54. Re2 Qd4+ 55. Re3 g4 56. f6+ Kg6 57. Bf1 Kg5 58. Bg2 h5 59. Bf1 h4 60. gxh4+ Kf4 0-1

[Event "NRW Class1 0607"]
[Site "Germany"]
[Date "2006.11.26"]
[Round "3.7"]
[White "Cleven, Maria"]
[Black "Pueplichhuisen, Anton"]
[Result "1/2-1/2"]
[WhiteElo "2037"]
[BlackElo "2142"]
[PlyCount "118"]
[EventDate "2006.09.17"]
[EventType "team-tourn"]
[EventRounds "9"]
[EventCountry "GER"]
[SourceTitle "EXT 2008"]
[Source "ChessBase"]
[SourceDate "2007.11.25"]
[SourceVersion "1"]
[SourceVersionDate "2007.11.25"]
[SourceQuality "1"]
[WhiteTeam "Krefeld"]
[BlackTeam "Gerling"]
[WhiteTeamCountry "GER"]
[BlackTeamCountry "GER"]

1. Nf3 Nf6 2. g3 d6 3. d4 Nbd7 4. Bg2 e5 5. c4 c6 6. Nc3 Be7 7. 0-0 0-0 8. b3 Re8 9. a4 e4 10. Ne1 d5 11. cxd5 cxd5 12. Bf4 a6 13. Nc2 Nf8 14. b4 Ng6 15. Bg5 Be6 16. b5 Rc8 17. Qd2 Qc7 18. Bxf6 gxf6 19. Nxd5 Bxd5 20. Ne3 Qd7 21. h4 Bf8 22. bxa6 bxa6 23. Rab1 Ba8 24. a5 Red8 25. Rb6 Qxd4 26. Qxd4 Rxd4 27. Rxa6 Ra4 28. Rb1 Ra2 29. Ng4 Bg7 30. h5 Ne5 31. Nxe5 fxe5 32. h6 Bf8 33. Rb5 Re8 34. e3 Ra1+ 35. Kh2 Rd1 36. Rbb6 Rd2 37. Kg1 Bd5 38. Rf6 Bc4 39. Ra7 Bd5 40. Rd7 Rd1+ 41. Kh2 Rd3 42. Rc7 Ra3 43. a6 Ra8 44. Bf1 Be6 45. g4 Ra1 46. Bb5 Ra5 47. Bf1 Rc5 48. Rb7 Bd5 49. Rd7 Rc6 50. Rxc6 Bxc6 51. Rc7 Bd5 52. g5 Ba2 53. Bb5 Bd5 54. Rd7 Be6 55. Rc7 Bd5 56. Rd7 Be6 57. Rc7 Bd5 58. Rd7 Be6 59. Rc7 Bd5 1/2-1/2

[Event "GER-chT Federal Cup (Women)"]
[Site "Braunfels"]
[Date "2006.05.04"]
[Round "1"]
[White "Cleven, Maria"]
[Black "Strate, Gerda"]
[Result "1-0"]
[WhiteElo "2030"]
[BlackElo "1671"]
[PlyCount "91"]
[EventDate "2006.05.04"]
[EventType "team-swiss"]
[EventRounds "5"]
[EventCountry "GER"]
[SourceTitle "EXT 2010"]
[Source "ChessBase"]
[SourceDate "2010.11.25"]
[SourceVersion "1"]
[SourceVersionDate "2010.11.25"]
[SourceQuality "1"]

1. Nf3 d5 2. d4 e6 3. g3 c5 4. Bg2 Nc6 5. 0-0 Nf6 6. c3 b5 7. Nbd2 Bb7 8. Re1 cxd4 9. Nxd4 Nxd4 10. cxd4 Qb6 11. e3 Rc8 12. Nf3 Bb4 13. Bd2 Bxd2 14. Qxd2 0-0 15. Ne5 Rc7 16. Rec1 Rfc8 17. b4 Qd6 18. Rc5 a6 19. Rac1 Nd7 20. Nxd7 Qxd7 21. Qc3 Rxc5 22. dxc5 Bc6 23. Rd1 Qc7 24. f4 Re8 25. Rd2 Qe7 26. Qc2 Qf6 27. e4 dxe4 28. Bxe4 Bxe4 29. Qxe4 g6 30. Qe5 Qe7 31. Qd6 Qf6 32. Qe5 Qe7 33. Rd6 Qa7 34. a3 a5 35. Qd4 axb4 36. axb4 Qa2 37. c6 Qe2 38. Qe5 Qc4 39. Qd4 Qe2 40. c7 Qe1+ 41. Kg2 Qe2+ 42. Qf2 Qe4+ 43. Kh3 h5 44. Rd8 Qf5+ 45. Kg2 Qe4+ 46. Kg1 1-0

[Event "BL2 Gr01 0506 (Women)"]
[Site "Germany"]
[Date "2006.01.22"]
[Round "5.2"]
[White "Solberg, Kirsten"]
[Black "Cleven, Maria"]
[Result "0-1"]
[WhiteElo "1922"]
[BlackElo "1931"]
[PlyCount "80"]
[EventDate "2005.10.29"]
[EventType "team-tourn"]
[EventRounds "7"]
[EventCountry "GER"]
[SourceTitle "EXT 2007"]
[Source "ChessBase"]
[SourceDate "2006.11.23"]
[SourceVersion "1"]
[SourceVersionDate "2006.11.23"]
[SourceQuality "1"]
[WhiteTeam "Wattenscheid (W)"]
[BlackTeam "Krefeld Turm (W)"]
[WhiteTeamCountry "GER"]
[BlackTeamCountry "GER"]

1. e4 c5 2. Nf3 e6 3. d4 cxd4 4. Nxd4 a6 5. g3 b5 6. Bg2 Bb7 7. 0-0 Qc7 8. a3 d6 9. Nc3 Nf6 10. Be3 Nbd7 11. Re1 Be7 12. f4 Rc8 13. Bf2 Nc5 14. Rc1 Qb8 15. b4 Ncd7 16. Nb1 Qa8 17. Qe2 0-0 18. Nb3 Bd8 19. N1d2 Nb6 20. Na5 d5 21. Nxb7 Qxb7 22. exd5 Nfxd5 23. c4 bxc4 24. Nxc4 Nxc4 25. Rxc4 Bb6 26. Rec1 Bxf2+ 27. Qxf2 Rxc4 28. Rxc4 Rd8 29. Qc5 g6 30. Rd4 Kg7 31. a4 Rb8 32. Bxd5 exd5 33. Kf2 Qd7 34. Kg2 Qxa4 35. Qxd5 Rxb4 36. Qe5+ Kh6 37. Qg5+ Kg7 38. Rd5 Qc2+ 39. Kh3 Qe2 40. f5 Qf1# 0-1

[Event "BL2 West 0203 (Women)"]
[Site "Germany"]
[Date "2002.??.??"]
[Round "3"]
[White "Cleven, Maria"]
[Black "Haecker, Sonja"]
[Result "1-0"]
[WhiteElo "2043"]
[BlackElo "2002"]
[PlyCount "93"]
[EventDate "2002.10.??"]
[EventType "team-tourn"]
[EventRounds "7"]
[EventCountry "GER"]
[SourceTitle "EXT 2006"]
[Source "ChessBase"]
[SourceDate "2005.11.24"]
[SourceVersion "1"]
[SourceVersionDate "2005.11.24"]
[SourceQuality "1"]

1. Nf3 d5 2. d4 Nf6 3. Bf4 c6 4. c4 e6 5. Nc3 Bd6 6. Bxd6 Qxd6 7. c5 Qc7 8. e3 Nbd7 9. Be2 0-0 10. 0-0 Re8 11. b4 a6 12. a4 e5 13. b5 axb5 14. axb5 Rxa1 15. Qxa1 exd4 16. exd4 b6 17. bxc6 Qxc6 18. Bb5 Qc7 19. c6 Nf8 20. Qa2 Rd8 21. Ra1 Bf5 22. Qa7 Ne6 23. Qxc7 Nxc7 24. Ra7 Rc8 25. Ne5 Ne4 26. Bd3 Nd6 27. Bxf5 Nxf5 28. Na4 Nb5 29. Rd7 f6 30. Nxb6 Re8 31. Nf3 Ne7 32. c7 Kf8 33. h3 Na7 34. Nd2 Nac8 35. Na4 Kf7 36. Nb3 Kf8 37. Nbc5 Na7 38. Ne6+ Kg8 39. Nf4 Kf8 40. Nb6 Nac8 41. Nfxd5 h6 42. Rd8 Nxd5 43. Nxd5 Kf7 44. g4 Kf8 45. Nb4 Nb6 46. d5 Ke7 47. d6+ 1-0

[Event "GER-chT U20 Girls"]
[Site "Hamburg"]
[Date "2001.12.29"]
[Round "5.1"]
[White "Cleven, Maria"]
[Black "Trager, Veronika"]
[Result "1-0"]
[WhiteElo "2047"]
[BlackElo "1201"]
[PlyCount "49"]
[EventDate "2001.12.??"]
[EventType "team"]
[EventRounds "7"]
[EventCountry "GER"]
[SourceTitle "EXT 2003"]
[Source "ChessBase"]
[SourceDate "2002.11.25"]
[SourceVersion "1"]
[SourceVersionDate "2002.11.25"]
[SourceQuality "1"]

1. Nf3 d5 2. d4 Nc6 3. Bf4 Nf6 4. e3 Bg4 5. c4 e6 6. Nc3 Ne4 7. cxd5 exd5 8. Qb3 Bb4 9. Ne5 Bxc3+ 10. bxc3 Bc8 11. Bb5 Qf6 12. Nxc6 bxc6 13. Qxd5 Qe6 14. Bxc6+ Bd7 15. Qxe6+ fxe6 16. Bxa8 Nxc3 17. Bxc7 0-0 18. Bf3 Bb5 19. Kd2 Na4 20. Rab1 Rc8 21. Rxb5 Rxc7 22. Rb8+ Kf7 23. Rb7 Rxb7 24. Bxb7 Nb6 25. Rc1 1-0

[Event "GER-chT U20 Girls"]
[Site "Hamburg"]
[Date "2001.12.27"]
[Round "2.1"]
[White "Naiditsch, Irina"]
[Black "Cleven, Maria"]
[Result "1-0"]
[WhiteElo "2059"]
[BlackElo "2047"]
[PlyCount "37"]
[EventDate "2001.12.??"]
[EventType "team"]
[EventRounds "7"]
[EventCountry "GER"]
[SourceTitle "EXT 2003"]
[Source "ChessBase"]
[SourceDate "2002.11.25"]
[SourceVersion "1"]
[SourceVersionDate "2002.11.25"]
[SourceQuality "1"]

1. e4 c5 2. c3 d5 3. exd5 Qxd5 4. d4 Nc6 5. Nf3 Bg4 6. Be2 e6 7. h3 Bh5 8. 0-0 Nf6 9. Be3 Ne4 10. c4 Qd7 11. d5 exd5 12. cxd5 Nb4 13. Ne5 Bxe2 14. Qxe2 Qxd5 15. Qb5+ Ke7 16. Nc3 Nxc3 17. bxc3 Qxe5 18. Bxc5+ Kd8 19. Bb6+ 1-0

[Event "GER-chT U20 Girls"]
[Site "Hamburg"]
[Date "2001.12.26"]
[Round "1.1"]
[White "Cleven, Maria"]
[Black "Brandt, Madeleine"]
[Result "1-0"]
[WhiteElo "2047"]
[BlackElo "1450"]
[PlyCount "87"]
[EventDate "2001.12.??"]
[EventType "team"]
[EventRounds "7"]
[EventCountry "GER"]
[SourceTitle "EXT 2003"]
[Source "ChessBase"]
[SourceDate "2002.11.25"]
[SourceVersion "1"]
[SourceVersionDate "2002.11.25"]
[SourceQuality "1"]

1. Nf3 d5 2. d4 c6 3. Bf4 Nf6 4. e3 Bf5 5. c4 e6 6. Nc3 Bb4 7. Qb3 Bxc3+ 8. bxc3 Qb6 9. c5 Qxb3 10. axb3 Nbd7 11. Be2 0-0 12. 0-0 h6 13. Ra3 Rfe8 14. Rfa1 a6 15. b4 Rac8 16. Ne5 g5 17. Nxd7 Nxd7 18. Bd6 Bg6 19. f4 f6 20. Rf1 f5 21. Be5 Nxe5 22. dxe5 g4 23. Rd1 Rcd8 24. Rd4 h5 25. Ra1 Kf7 26. Rad1 Ke7 27. Kf1 Ra8 28. Ra1 Rh8 29. c4 Rhc8 30. Ke1 Be8 31. Kd2 Rd8 32. Kc3 Bd7 33. Rd2 Rdc8 34. Rda2 Rab8 35. Kd4 Be8 36. Ra5 Bd7 37. b5 axb5 38. cxb5 b6 39. cxb6 Rxb6 40. Kc5 Rcb8 41. Ra6 Rxa6 42. bxa6 Kd8 43. a7 Ra8 44. Kb6 1-0

[Event "GER-chT Landesliga (Women)"]
[Site "Greifswald"]
[Date "2001.07.31"]
[Round "4.1"]
[White "Kimpel, Janine"]
[Black "Cleven, Maria"]
[Result "0-1"]
[WhiteElo "1545"]
[BlackElo "2047"]
[PlyCount "106"]
[EventDate "2001.07.29"]
[EventType "team"]
[EventRounds "7"]
[EventCountry "GER"]
[SourceTitle "EXT 2003"]
[Source "ChessBase"]
[SourceDate "2002.11.25"]
[SourceVersion "1"]
[SourceVersionDate "2002.11.25"]
[SourceQuality "1"]

1. e4 c5 2. Nf3 Nc6 3. d4 cxd4 4. Nxd4 e5 5. Nxc6 bxc6 6. Nc3 Nf6 7. Bd3 Bb4 8. Bd2 0-0 9. 0-0 d5 10. f3 d4 11. Ne2 Qa5 12. Bxb4 Qxb4 13. Rb1 c5 14. Ng3 c4 15. Be2 Rd8 16. a3 Qc5 17. Kh1 Ba6 18. Rc1 Rab8 19. b3 Qa5 20. Bxc4 Bxc4 21. bxc4 Qxa3 22. Qd3 Qc5 23. c3 Rbc8 24. cxd4 Rxd4 25. Qb3 Rxc4 26. Rxc4 Qxc4 27. Qxc4 Rxc4 28. Ra1 a5 29. Kg1 Rc5 30. Nf1 g5 31. h3 h5 32. Nd2 g4 33. hxg4 hxg4 34. Nb3 Rc3 35. Nxa5 gxf3 36. gxf3 Rxf3 37. Nc4 Ng4 38. Ra5 f6 39. Nd6 Rf4 40. Ra8+ Kg7 41. Nf5+ Kg6 42. Ra4 Nf2 43. Nd6 Kg5 44. Kg2 Kg4 45. Rc4 Nh3 46. Rc2 Ng5 47. Rc4 Rf3 48. Nf5 Rd3 49. Ng7 Rd2+ 50. Kf1 Kf3 51. Ke1 Re2+ 52. Kf1 Nxe4 53. Ra4 Ng3+ 0-1

[Event "GER-chT Landesliga (Women)"]
[Site "Greifswald"]
[Date "2001.07.30"]
[Round "2.1"]
[White "Cleven, Maria"]
[Black "David, Gundula"]
[Result "1/2-1/2"]
[WhiteElo "2047"]
[BlackElo "2041"]
[PlyCount "53"]
[EventDate "2001.07.29"]
[EventType "team"]
[EventRounds "7"]
[EventCountry "GER"]
[SourceTitle "EXT 2003"]
[Source "ChessBase"]
[SourceDate "2002.11.25"]
[SourceVersion "1"]
[SourceVersionDate "2002.11.25"]
[SourceQuality "1"]

1. Nf3 f5 2. d4 g6 3. c4 Bg7 4. Nc3 Nf6 5. g3 d6 6. Bg2 0-0 7. 0-0 Nc6 8. Qb3 e5 9. c5+ Kh8 10. cxd6 cxd6 11. d5 Nb8 12. Ng5 Na6 13. Nb5 Nc5 14. Qc3 h6 15. b4 Na4 16. Qc2 hxg5 17. Bxg5 Nb6 18. Rac1 Qd7 19. Nc7 Rb8 20. Qd2 Na8 21. Ne6 Rg8 22. Rc4 Nh7 23. Rd1 Qf7 24. Nd8 Qd7 25. Ne6 Qf7 26. Nd8 Qd7 27. Ne6 1/2-1/2

[Event "BL 0001 (Women)"]
[Site "Germany"]
[Date "2001.??.??"]
[Round "5.6"]
[White "Doehmen, Katrin"]
[Black "Cleven, Maria"]
[Result "1/2-1/2"]
[WhiteElo "2018"]
[BlackElo "2070"]
[PlyCount "100"]
[EventDate "2000.10.??"]
[EventType "team-tourn"]
[EventRounds "11"]
[EventCountry "GER"]
[SourceTitle "CBM 082 Extra"]
[Source "ChessBase"]
[SourceDate "2001.07.03"]
[SourceVersion "1"]
[SourceVersionDate "2001.07.03"]
[SourceQuality "1"]
[WhiteTeam "Holsterhausen (W)"]
[BlackTeam "Krefeld Turm (W)"]
[WhiteTeamCountry "GER"]
[BlackTeamCountry "GER"]

1. c4 Nf6 2. Nc3 g6 3. g3 Bg7 4. Bg2 0-0 5. Nf3 c6 6. 0-0 d6 7. d3 Nbd7 8. Rb1 e5 9. e4 a5 10. a3 Nc5 11. b4 axb4 12. axb4 Ne6 13. Qb3 Nd7 14. Be3 Nd4 15. Bxd4 exd4 16. Ne2 c5 17. Ra1 Rxa1 18. Rxa1 g5 19. bxc5 Nxc5 20. Qa3 Nxe4 21. Nfxd4 Nc5 22. Rb1 f5 23. Bd5+ Kh8 24. Nb5 f4 25. d4 fxg3 26. Qxg3 Qe7 27. Nec3 Ne6 28. Re1 h5 29. Qh3 Qf7 30. Qe3 Qf5 31. Nxd6 Qg4+ 32. Qg3 Qxg3+ 33. hxg3 Bxd4 34. Nce4 Nc5 35. Nxc8 Rxc8 36. Nxc5 Bxc5 37. Bxb7 Rc7 38. Bd5 Kg7 39. Kg2 Kf6 40. Re6+ Kg7 41. Re5 Kf6 42. f4 Rg7 43. Be4 Be7 44. Rf5+ Ke6 45. fxg5 Rxg5 46. Rxg5 Bxg5 47. c5 Ke5 48. Bf3 Bd8 49. Kf2 Bc7 50. Bxh5 Kd5 1/2-1/2

[Event "GER-ch (Women)"]
[Site "Krefeld"]
[Date "2001.??.??"]
[Round "6"]
[White "Noll, Sonja"]
[Black "Cleven, Maria"]
[Result "1-0"]
[WhiteElo "2085"]
[BlackElo "2056"]
[PlyCount "21"]
[EventDate "2001.??.??"]
[EventType "swiss"]
[EventRounds "9"]
[EventCountry "GER"]
[SourceTitle "EXT 2002"]
[Source "ChessBase"]
[SourceDate "2001.11.25"]
[SourceVersion "1"]
[SourceVersionDate "2001.11.25"]
[SourceQuality "1"]

1. e4 c6 2. c4 d5 3. cxd5 cxd5 4. exd5 Qxd5 5. Nc3 Qd8 6. d4 Nf6 7. Bc4 Bg4 8. f3 Bf5 9. Nge2 a6 10. Qb3 Nbd7 11. Bxf7# 1-0

[Event "BL 0001 (Women)"]
[Site "Germany"]
[Date "2001.??.??"]
[Round "6.5"]
[White "Zickelbein, Eva Maria"]
[Black "Cleven, Maria"]
[Result "1-0"]
[WhiteElo "2112"]
[BlackElo "2070"]
[PlyCount "115"]
[EventDate "2000.10.??"]
[EventType "team-tourn"]
[EventRounds "11"]
[EventCountry "GER"]
[SourceTitle "CBM 082 Extra"]
[Source "ChessBase"]
[SourceDate "2001.07.03"]
[SourceVersion "1"]
[SourceVersionDate "2001.07.03"]
[SourceQuality "1"]
[WhiteTeam "Hamburger SK (W)"]
[BlackTeam "Krefeld Turm (W)"]
[WhiteTeamCountry "GER"]
[BlackTeamCountry "GER"]

1. e4 c5 2. Nc3 Nc6 3. Nf3 g6 4. d4 cxd4 5. Nxd4 Bg7 6. Be3 a6 7. Bc4 Nf6 8. Nxc6 dxc6 9. Qxd8+ Kxd8 10. 0-0-0+ Ke8 11. e5 Ng4 12. Bb6 Bh6+ 13. Kb1 Be6 14. Bxe6 fxe6 15. h3 Nxe5 16. Bd4 Rf8 17. Bxe5 Rxf2 18. g3 Rd8 19. Rxd8+ Kxd8 20. Re1 Bd2 21. Rd1 Ke8 22. Bd4 Rg2 23. Ne4 Bb4 24. Bf2 h6 25. Rg1 Rh2 26. h4 Bd6 27. c4 b5 28. cxb5 axb5 29. Kc1 Kd7 30. Kd1 c5 31. Ke2 c4 32. Kf3 Be5 33. Nc3 Kc6 34. Re1 Bxc3 35. bxc3 Kd5 36. g4 g5 37. h5 e5 38. Rd1+ Kc6 39. Kg3 Rh4 40. a3 e6 41. Kf3 Rh2 42. Bg3 Ra2 43. Bxe5 Rxa3 44. Rd6+ Kc5 45. Rxe6 Kd5 46. Re8 b4 47. Bg7 bxc3 48. Re5+ Kc6 49. Re1 c2+ 50. Kf2 Rd3 51. Rc1 c3 52. Rxc2 Rd2+ 53. Rxd2 cxd2 54. Ke2 Kd5 55. Bxh6 Ke4 56. Bxg5 d1Q+ 57. Kxd1 Kf3 58. h6 1-0

[Event "DLM-chT U20 Girls"]
[Site "Bad Homburg"]
[Date "2000.07.31"]
[Round "2.1"]
[White "Cleven, Maria"]
[Black "Umpfenbach, Caroline"]
[Result "0-1"]
[WhiteElo "2070"]
[BlackElo "2044"]
[PlyCount "58"]
[EventDate "2000.07.29"]
[EventType "team-swiss"]
[EventRounds "7"]
[EventCountry "GER"]
[SourceTitle "EXT 2001"]
[Source "ChessBase"]
[SourceDate "2000.11.22"]
[SourceVersion "1"]
[SourceVersionDate "2000.11.22"]
[SourceQuality "1"]

1. Nf3 e6 2. g3 f5 3. Bg2 Nf6 4. d4 Be7 5. 0-0 0-0 6. c4 d5 7. Nc3 c6 8. c5 Ne4 9. Qc2 Nd7 10. b4 Bf6 11. Bf4 g5 12. Be5 g4 13. Nxe4 fxe4 14. Bxf6 Qxf6 15. Ne5 Nxe5 16. dxe5 Qxe5 17. h4 e3 18. Rab1 Bd7 19. Qd3 exf2+ 20. Rxf2 Rxf2 21. Kxf2 Be8 22. Rb3 Bg6 23. Qd2 Qa1 24. Qg5 Rf8+ 25. Ke3 Qc1+ 26. Kd4 e5+ 27. Qxe5 Qd2+ 28. Rd3 Qxb4+ 29. Ke3 Re8 0-1

[Event "GER-chT U20 Girls"]
[Site "Neumuenster"]
[Date "2000.??.??"]
[Round "1"]
[White "Cleven, Maria"]
[Black "Naiditsch, Irina"]
[Result "1-0"]
[WhiteElo "2070"]
[BlackElo "2072"]
[PlyCount "77"]
[EventDate "2000.12.??"]
[EventType "team-swiss"]
[EventRounds "7"]
[EventCountry "GER"]
[SourceTitle "EXT 2002"]
[Source "ChessBase"]
[SourceDate "2001.11.25"]
[SourceVersion "1"]
[SourceVersionDate "2001.11.25"]
[SourceQuality "1"]

1. Nf3 d5 2. g3 Nf6 3. Bg2 c5 4. d4 cxd4 5. 0-0 d3 6. Qxd3 Nc6 7. Bg5 Ne4 8. c4 Nxg5 9. Nxg5 Nb4 10. Qd2 e6 11. a3 Be7 12. Nxf7 Kxf7 13. axb4 dxc4 14. Qf4+ Bf6 15. Nc3 Qe7 16. Qxc4 Rd8 17. Rfd1 Rxd1+ 18. Rxd1 Bd7 19. Bxb7 Rd8 20. Qc5 Qxc5 21. bxc5 Ke7 22. c6 Bc8 23. Ra1 Bxb7 24. Rxa7 Kd6 25. cxb7 Kc7 26. Ra8 Kxb7 27. Rxd8 Bxd8 28. f4 Kc6 29. Kf2 Kc5 30. Ke3 Kc4 31. Ne4 h6 32. b3+ Kxb3 33. Nc5+ Kc3 34. Nxe6 Bf6 35. Kf3 g6 36. e4 Kc4 37. e5 Be7 38. Ke4 h5 39. h3 1-0